Phát âm và sửa âm tiếng Hán

Sparad:
Bibliografiska uppgifter
Materialtyp: Bok
Taggar: Lägg till en tagg
Inga taggar, Lägg till första taggen!
Thư viện lưu trữ: Mạng thư viện Đại học Đà Nẵng
LEADER 00411nam a22001691a 4500
001 000037015
003 13310
005 20160412014957.0
008 160412s0 000
082 |a 4H(07)680-84 
245 |a Phát âm và sửa âm tiếng Hán 
OWN |a LNN 
999 |a From the UDN01 
TYP |a Monograph 
980 |a Mạng thư viện Đại học Đà Nẵng